Statistics for Anatomy of the Tooth

Click here to take the quiz!

General Stats

  • This quiz has been taken 112 times
  • The average score is 6 of 10

Answers on the Map

Answers color-coded by a green-red scale on the quiz's map according to % correct below.
 

Answer Stats

Part% Correct
Root
86%
Enamel
77%
Nerve
76%
Gum
72%
Crown
62%
Pulp
55%
Blood Vessel
46%
Dentine
46%
Bone
45%
Cementum
31%

Score Distribution

Percentile by Number Answered

Percent of People with Each Score

Your Score History

You have not taken this quiz